000 01469nam a2200229Ia 4500
999 _c37985
_d37985
001 3969
003 GE_BSU
005 20190830163325.0
008 181216s1982||||ge |||||||||||||| ||geo||
040 _cGE_BSU
041 _ageo
080 _a008(479.22+470) ჩ–27
100 _aჩაფიძე, ნელი
_93466
245 _aქართულ და მოძმე ეროვნულ კულტურათა დაახლოებისა და ურთიერთგამდიდრების ისტორიის პრობლემები (1921–1958წწ.) /
_cრედ. ა. ათანელიშვილი; ივ. ჯავახიშვილის სახ. ისტორიის, არქეოლოგიისა და ეთნოგრაფიის ინ–ტი.
264 _aთბ. :
_bმეცნიერება,
_c1982.
300 _a232 გვ. ;
_b21 სმ.
520 _aრეზ. რუს..
653 _aქართული და საბჭოთა კავშირის ხალხთა კულტურული ურთიერთობები
700 _aათანელიშვილი, ა.
_eრედაქტორი
_93467
710 _aივ. ჯავახიშვილის სახ. ისტორიის, არქეოლოგიისა და ეთნოგრაფიის ინ–ტი.
_91177
942 _cBK
_2udc